Cartas de algunos judíos portugueses, alemanes y polacos á Voltaire (Record no. 152988)
[ view plain ]
| 000 -LEADER | |
|---|---|
| campo de control de longitud fija | 01192nam a22002415i 4500 |
| 001 - NÚMERO DE CONTROL | |
| campo de control | 152988 |
| 003 - IDENTIFICADOR DE NÚMERO DE CONTROL | |
| campo de control | ES-MaACL |
| 005 - FECHA Y HORA DE LA ÚLTIMA TRANSACCIÓN | |
| campo de control | 20250716025403.0 |
| 008 - DATOS DE LONGITUD FIJA--INFORMACIÓN GENERAL | |
| campo de control de longitud fija | 970930m18221824sp |||| | spa d |
| 040 ## - FUENTE DE CATALOGACIÓN | |
| Centro catalogador/agencia de origen | AR |
| Lengua de catalogación | spa |
| Centro/agencia transcriptor | AR |
| 245 00 - MENCIÓN DEL TÍTULO | |
| Título | Cartas de algunos judíos portugueses, alemanes y polacos á Voltaire |
| Resto del título | : con un pequeño comentario extractado de otro mayor / |
| Mención de responsabilidad, etc. | traducidas del francés por Fernando María Segobia. |
| 260 ## - PUBLICACIÓN, DISTRIBUCIÓN, ETC. | |
| Lugar de publicación, distribución, etc. | Madrid : |
| Nombre del editor, distribuidor, etc. | Se hallará en las librerías de Sanz [etc], |
| Fecha de publicación, distribución, etc. | 1822-1824 ( |
| Fabricante | En la Oficina de Francisco Martinez Dávila) |
| 300 ## - DESCRIPCIÓN FÍSICA | |
| Extensión | 3 v. ; |
| Dimensiones | 21 cm. |
| 505 8# - NOTA DE CONTENIDO CON FORMATO | |
| Nota de contenido con formato | Contiene: t. I. Primera parte (VIII, 112, 23, III p.) ; segunda parte (P. 113-182, p. 25-38) ; tercera parte (P. 183-261, p. 39-43) -- t. II. (246 p., p.19-28, p. 1-18) -- t. III. (144, 16 p., P. 145-340 [i.e. 240], p. 17-24) |
| 596 ## - NOTA AL PIE DE IMPRENTA | |
| NOTA AL PIE DE IMPRENTA | El imp. consta en el colofón del t. I. |
| 597 #1 - NOTA DE DESCRIPCIÓN FÍSICA | |
| NOTA DE DESCRIPCIÓN FÍSICA | Cuadernos con sign. |
| 597 #1 - NOTA DE DESCRIPCIÓN FÍSICA | |
| NOTA DE DESCRIPCIÓN FÍSICA | Cada parte con port. y pag. propias. |
| 700 11 - ENTRADA AGREGADA--NOMBRE PERSONAL | |
| Nombre de persona | Segovia, Fernando María, |
| Término indicativo de función/relación | |
| 9 (RLIN) | 132631 |
| 700 01 - ENTRADA AGREGADA--NOMBRE PERSONAL | |
| Nombre de persona | Voltaire, |
| Fechas asociadas al nombre | 1694-1778 |
| 9 (RLIN) | 115721 |
| 752 ## - ENTRADA AGREGADA--NOMBRE JERÁRQUICO DEL LUGAR | |
| País o entidad superior | España - |
| Ciudad | Madrid |
| 852 ## - LOCALIZACIÓN | |
| Ubicación | ES-MaACL |
| Número de control de estantería | G-2847-2849 |
| Nota libre | -- Enc. pasta |
| Estatus retirado | Estado de pérdida | Estado de daño | No para préstamo | Colección | Biblioteca de origen | Biblioteca actual | Ubicación en estantería | Fecha de adquisición | Fuente de adquisición | Total de préstamos | Signatura topográfica completa | Código de barras | Visto por última vez | Precio de reemplazo | Tipo de ítem Koha |
|---|---|---|---|---|---|---|---|---|---|---|---|---|---|---|---|
| Libros del s. XIX | Biblioteca del Ateneo de Madrid | Biblioteca del Ateneo de Madrid | Depósito 2 | 17/01/2008 | G-2847-2849 | 1159823 | 23/02/2023 | 23/02/2023 | Libro impreso antiguo |
